| 000 | 00711nam a2200241 a 4500 | ||
|---|---|---|---|
| 001 | BRCA_8120 | ||
| 005 | 20190320210136.0 | ||
| 008 | 100414s1922----fr-a###f##---#000-0#fre-# | ||
| 041 | _afre | ||
| 044 | _afr | ||
| 050 | 4 |
_aN5220 _b.SU964 _c1922 |
|
| 245 | 1 | 0 | _aCollection Alfred Sussmann. |
| 260 |
_aParis _bGeorge Petit _c1922 |
||
| 300 |
_a152 p. _bil. _c28 cm. |
||
| 500 | _aY185 | ||
| 500 | _aCatálogo de subastas inventariado como libro | ||
| 500 | _aMaterial inventariado por el Banco de México | ||
| 650 | 1 | 4 |
_aObjetos de arte _vCatálogos _911735 |
| 650 | 1 | 4 |
_aObjetos de arte _vSubastas _920112 |
| 650 | 1 | 4 |
_aObjetos de arte _vColecciones y coleccionistas _920215 |
| 902 | _aGFM | ||
| 942 |
_2lcc _cB |
||
| 999 |
_c7788 _d7788 |
||